India 2006-2007 business directory : the address book for business people.
| Format: | Book |
|---|---|
| Published: |
[S.l]:
[s.n],
2006.
|
| Subjects: |
| LEADER | 00428cam a2200133 7i4500 | ||
|---|---|---|---|
| 001 | 0000018758 | ||
| 005 | 20080218090000.0 | ||
| 090 | 0 | 0 | |a INDA 338.7025 |b IND |
| 245 | 0 | 0 | |a India 2006-2007 business directory : |b the address book for business people. |
| 260 | 0 | 0 | |a [S.l]: |b [s.n], |c 2006. |
| 300 | # | # | |a 1625 p. |
| 650 | 0 | 0 | |a Business -- |x Directories -- |z India |
| 651 | 0 | 0 | |a India |
| 999 | |a B000019544 |b Directories |c Countries |e Business Information Centre | ||